| 000 -LEADER |
| fixed length control field |
02036nam a22002537a 4500 |
| 003 - CONTROL NUMBER IDENTIFIER |
| control field |
OSt |
| 005 - DATE AND TIME OF LATEST TRANSACTION |
| control field |
20200304062524.0 |
| 008 - FIXED-LENGTH DATA ELEMENTS--GENERAL INFORMATION |
| fixed length control field |
180302b xxu||||| |||| 00| 0 spa d |
| 020 ## - INTERNATIONAL STANDARD BOOK NUMBER |
| International Standard Book Number |
9505081804 |
| 040 ## - CATALOGING SOURCE |
| Transcribing agency |
PJ |
| 245 10 - MENCIÓN DE TÍTULO |
| Título propiamente dicho |
Recursos en el proceso civil y comercial : |
| Parte restante del título |
ordinarios y extraordinarios / |
| Mención de responsabilidad, etc |
José Levitán; prólogo de José M. Martocci. |
| 260 ## - PUBLICATION, DISTRIBUTION, ETC. (IMPRINT) |
| Place of publication, distribution, etc |
Buenos Aires : |
| Name of publisher, distributor, etc |
Astrea, |
| Date of publication, distribution, etc |
1986. |
| 300 ## - DESCRIPCION FISICA |
| Extent |
398 p. |
| Dimensions |
25 cm. |
| 504 ## - NOTA DE BIBLIOGRAFÍA, ETC. |
| Bibliography, etc |
Bibliografía: p. 395-398. |
| 505 ## - FORMATTED CONTENTS NOTE |
| Formatted contents note |
Contenido:<br/>Recursos ordinarios y extraordinarios en el Código Procesal Civil y Comercial de la Provincia de Buenos Aires -- Recurso de aclaratoria -- Recurso de reposición o revocatoria -- Recurso de apelación -- Procedimiento en segunda instancia -- Queja por recurso denegado -- Los recursos extraordinarios en la Provincia de Buenos Aires -- Recurso de nulidad extraordinario -- Recurso extraordinario de inconstitucionalidad -- Fallos plenarios en la Provincia de Buenos Aires -- Recurso de revisión o acción autónoma de revocatoria o nulidad de sentencia -- Recurso extraordinario Nacional, desde la Provincia de Buenos Aires -- Recursos ordinarios y extraordinarios en el Código Procesal Civil y Comercial de la Nación -- Recurso de aclaratoria -- Recurso de reposición -- Recurso de apelación -- Recurso de apelación ordinaria ante la Corte Suprema -- Apelación extraordinaria ante la Corte Suprema -- Procedimiento ordinario en segunda instancia -- Procedimiento ante la Corte Suprema -- Queja por recurso denegado -- Recurso de inaplicabilidad de la ley -- Recurso de revisión en el orden Nacional -- Fallos plenarios en la justicia Nacional. |
| 650 #0 - ASIENTO SECUNDARIO DE MATERIA - TERMINO TEMATICO |
| 9 (RLIN) |
267 |
| Topical term or geographic name as entry element |
DERECHO PROCESAL |
| 650 #0 - ASIENTO SECUNDARIO DE MATERIA - TERMINO TEMATICO |
| 9 (RLIN) |
1955 |
| Topical term or geographic name as entry element |
RECURSOS |
| 650 #0 - ASIENTO SECUNDARIO DE MATERIA - TERMINO TEMATICO |
| 9 (RLIN) |
2044 |
| Topical term or geographic name as entry element |
RECURSO EXTRAORDINARIO |
| 650 #0 - ASIENTO SECUNDARIO DE MATERIA - TERMINO TEMATICO |
| 9 (RLIN) |
1192 |
| Topical term or geographic name as entry element |
RECURSO DE INCONSTITUCIONALIDAD |
| 650 #0 - ASIENTO SECUNDARIO DE MATERIA - TERMINO TEMATICO |
| 9 (RLIN) |
2046 |
| Topical term or geographic name as entry element |
RECURSO ORDINARIO DE APELACIÓN ANTE LA CORTE SUPREMA |
| 650 #0 - ASIENTO SECUNDARIO DE MATERIA - TERMINO TEMATICO |
| Topical term or geographic name as entry element |
JURISPRUDENCIA APLICABLE |
| 9 (RLIN) |
1057 |
| 700 ## - ADDED ENTRY--PERSONAL NAME |
| 9 (RLIN) |
2045 |
| Personal name |
Martocci, José M. |
| Relator term |
prologuista |
| 942 ## - ADDED ENTRY ELEMENTS (KOHA) |
| Source of classification or shelving scheme |
|
| Koha item type |
Libros |
| Classification part |
342.955 |
| Item part |
LEV |